| 000 | 00521nam a22001817a 4500 | ||
|---|---|---|---|
| 005 | 20230915161035.0 | ||
| 010 | _aENG-13800 | ||
| 020 |
_a 9789390434985 _c1150.00 |
||
| 035 | _aEN-121532 | ||
| 037 | _bDBAD/PUB | ||
| 082 | _a305.8954 | ||
| 100 |
_aReang Lincoln _956743 |
||
| 245 |
_aHistory Of The Reang (BRU)/ _cLincoln Reang |
||
| 260 |
_aAssam _bEBH Publishers (India) _c2021 |
||
| 270 |
_a136, M.L _bGuwahati _e500029 |
||
| 300 |
_a219p _bIndex _c24cm(pbk) |
||
| 942 |
_2ddc _cEN _h305.8954 _mREA |
||
| 999 |
_c198222 _d198222 |
||